Hostinského pojetí estetiky a filozofie dějin umění /

Main Author: Jůzl, Miloš, 1928-1996
Language: Czech
Published: Praha : Univerzita Karlova, 1985
Edition: 1. vyd.
Series: Acta Universitatis Carolinae. Philosophica et historica. Monographia
Physical Description: 127 s.
Language note: Německé a ruské resumé
Book
Saved in:
LEADER 01077nam a22003132a 4500
001 000137307
003 CZ BrMZK
005 20070503085946.0
007 ta
008 950101s1985 xr f cze d
015 |a cnb000014010 
035 |a (OCoLC)39418028 
040 |a BOA001  |b cze 
041 0 |a cze  |b ger  |b rus 
080 9 |a 7.01 
100 1 |a Jůzl, Miloš,  |d 1928-1996  |7 jk01052297  |4 aut 
245 1 0 |a Hostinského pojetí estetiky a filozofie dějin umění /  |c Miloš Jůzl 
250 |a 1. vyd. 
260 |a Praha :  |b Univerzita Karlova,  |c 1985 
300 |a 127 s. 
490 1 |a Acta Universitatis Carolinae. Philosophica et historica. Monographia ;  |v 96, 1982 
546 |a Německé a ruské resumé 
830 0 |a Acta Universitatis Carolinae.  |p Philosophica et historica.  |p Monographia  |0 s 
910 |a BOA001  |b 2-0901.025 
964 |a Estetika - umění - studie 
964 |a Hostinský, Otakar - estetika - pojetí - studie 
990 |a BK 
991 |b 200705 
996 6 |b 2619954735  |c 2-0901.025  |l MZK  |r Sklad / do 1 hodiny  |n 39  |w 000137307  |u 000010  |a 1  |e BOA001  |j MZK50  |s P